|
|
|
|
| LEADER |
00000nas a2200000 a 4500 |
| 001 |
ssj0000466 |
| 003 |
WaSeSS |
| 005 |
20200512172242.0 |
| 006 |
m d |
| 007 |
cr n |
| 008 |
050614c19789999nyuqr pss 0 a0eng c |
| 010 |
|
|
|a 2011233016
|
| 016 |
7 |
|
|a 013089761
|2 Uk
|
| 022 |
|
|
|a 1866-7414
|l 0343-6993
|y 0343-6993
|
| 035 |
|
|
|a (WaSeSS)ssj0000466
|
| 040 |
|
|
|a OCLCS
|b eng
|e pn
|c OCLCS
|d AUD
|d CIT
|d OCLCQ
|d GUA
|d QAQUL
|d OCLCE
|d OCLCQ
|d BUF
|d OCLCF
|d UKMGB
|d VT2
|d OCLCQ
|d ZAC
|d GILDS
|d OCLCO
|d U3W
|d WYU
|d NJT
|d DLC
|d WaSeSS
|
| 042 |
|
|
|a pcc
|a dlr
|
| 050 |
0 |
0 |
|a QA1
|
| 082 |
0 |
4 |
|a 510/.5
|
| 130 |
0 |
|
|a Mathematical intelligencer (Berlin, Germany : 1978 : Online)
|
| 210 |
1 |
|
|a Math. intell.
|b (Internet)
|
| 222 |
|
4 |
|a The mathematical intelligencer
|b (Internet)
|
| 245 |
1 |
4 |
|a The mathematical intelligencer
|h [electronic resource].
|
| 260 |
|
|
|a New York :
|b Springer
|
| 310 |
|
|
|a Quarterly
|
| 362 |
1 |
|
|a Print began with vol. 1, no. 1 (Mar. 1978).
|
| 506 |
|
|
|a License restrictions may limit access.
|
| 515 |
|
|
|a An introductory number called v. 0 was issued Aug. 1977.
|
| 538 |
|
|
|a Master and use copy. Digital master created according to Benchmark for Faithful Digital Reproductions of Monographs and Serials, Version 1. Digital Library Federation, December 2002.
|u http://purl.oclc.org/DLF/benchrepro0212
|5 MiAaHDL
|
| 583 |
1 |
|
|a digitized
|c 2011
|h HathiTrust Digital Library
|l committed to preserve
|5 MiAaHDL
|2 pda
|
| 588 |
|
|
|a Description based on: Vol. 19, no. 1 (Dec. 1997); title from journal information screen (SpringerLink, viewed Mar. 21, 2011).
|
| 588 |
|
|
|a Latest issue consulted: Vol. 41, no. 3 (Sept. 2019) (SpringerLink website, viewed Nov. 4, 2019).
|
| 650 |
|
0 |
|a Mathematics
|v Periodicals.
|
| 650 |
|
6 |
|a Mathématiques
|x Étude et enseignement (Supérieur)
|v Périodiques.
|
| 650 |
|
6 |
|a Mathématiques
|v Périodiques.
|
| 650 |
|
7 |
|a Mathematics.
|2 fast
|0 (OCoLC)fst01012163
|
| 650 |
1 |
7 |
|a Wiskunde.
|2 gtt
|
| 653 |
|
|
|a Mathematics
|
| 655 |
|
0 |
|a Electronic journals.
|
| 776 |
0 |
8 |
|i Print version:
|t Mathematical intelligencer (Berlin, Germany : 1978)
|x 0343-6993
|w (DLC) 82645477
|w (OCoLC)3526661
|
| 850 |
|
|
|a DLC
|
| 856 |
4 |
0 |
|z Full text available from Research Library: 07/01/2017 to 12/31/2018
|u https://search.proquest.com/publication/48906
|